000 00966nam a22003017a 4500
001 4755
003 FISKH
005 20250815161617.0
008 241007b cb ||||| |||| 00| 0 eng d
020 _a9780590265874
040 _aFISKH
_beng
_cFISKH
_dFISKH
050 _aGB662.M37
082 _a553.7
100 _aMarzollo, Jean
_d(1942–2018)
245 _aI am water /
_cby Jean Marzollo Illustrated by Judith Moffatt
250 _aFirst Printing in 1996
260 _aNew York :
_bScholastic,
_c1996.
300 _a29 pages :
_bColor illustrations ;
_c23 cm
505 _aD
520 _aFor use in schools and libraries only. Describes the properties of water, its uses, and its many forms, including rain, ice, and snow.
521 8 _a160L
_bLexile
521 8 _aD
_bRaz-Plus
650 _2Weather
_aWater
650 _2Science
_aEasy reader
_vNon-fiction
700 _aMoffatt, Judith
_dIllustrator
942 _2ddc
_cBK
_n0
999 _c4755
_d4755